<?xml version="1.0" encoding="UTF-8"?><?xml-stylesheet type="text/xsl" href="static/style.xsl"?><OAI-PMH xmlns="http://www.openarchives.org/OAI/2.0/" xmlns:xsi="http://www.w3.org/2001/XMLSchema-instance" xsi:schemaLocation="http://www.openarchives.org/OAI/2.0/ http://www.openarchives.org/OAI/2.0/OAI-PMH.xsd"><responseDate>2026-04-17T01:17:45Z</responseDate><request verb="GetRecord" identifier="oai:www.recercat.cat:2117/178017" metadataPrefix="marc">https://recercat.cat/oai/request</request><GetRecord><record><header><identifier>oai:recercat.cat:2117/178017</identifier><datestamp>2025-07-22T18:06:33Z</datestamp><setSpec>com_2072_1033</setSpec><setSpec>col_2072_452951</setSpec></header><metadata><record xmlns="http://www.loc.gov/MARC21/slim" xmlns:dcterms="http://purl.org/dc/terms/" xmlns:xsi="http://www.w3.org/2001/XMLSchema-instance" xmlns:doc="http://www.lyncode.com/xoai" xsi:schemaLocation="http://www.loc.gov/MARC21/slim http://www.loc.gov/standards/marcxml/schema/MARC21slim.xsd">
   <leader>00925njm 22002777a 4500</leader>
   <datafield ind2=" " ind1=" " tag="042">
      <subfield code="a">dc</subfield>
   </datafield>
   <datafield ind2=" " ind1=" " tag="720">
      <subfield code="a">Pastor García, Oscar</subfield>
      <subfield code="e">author</subfield>
   </datafield>
   <datafield ind2=" " ind1=" " tag="260">
      <subfield code="c">2020-02-06</subfield>
   </datafield>
   <datafield ind2=" " ind1=" " tag="520">
      <subfield code="a">El Trabajo final de grado se ha hecho en colaboración con el Área Metropolitana de&#xd;
Barcelona (AMB) y la beca concedida del departamento de investigación en prevención&#xd;
de residuos.</subfield>
   </datafield>
   <datafield ind2=" " ind1=" " tag="520">
      <subfield code="a">This project applies the Japanese methodology on the use of food surpluses for animal feed in the municipal markets of Barcelona. The volumes of fruits and vegetables wasted in Sant Antoni market have been quantified for four days (Wednesday, Thursday, Friday and Saturday). A total of 439.8 kg of fruit and vegetables waste were quantified. Extrapolating to all markets in Barcelona, it sums up to 13.54 tons per week of fruits and vegetables waste, of which 13.24 tons could be intended to produce a flour ingredient for pig feed. Furthermore, a management and transport system has been implemented for the food and vegetable waste. Considering that the flour making process has a yield of 13.6%, a total of 1.6 tons of flour could be produced within a week. As a conclusion, the municipal markets in Barcelona produce enough fruit and vegetable waste to implement this valorization system.</subfield>
   </datafield>
   <datafield ind2=" " ind1=" " tag="520">
      <subfield code="a">El trabajo aplica una metodología japonesa sobre el uso de excedentes alimentarios para alimentación animal en los mercados municipales de Barcelona. Se han cuantificado los volúmenes de frutas y verduras que se han tirado en el mercado de Sant Antoni durante cuatro días (miércoles, jueves, viernes y sábado), sumando un total de 439,8 kg desperdiciados. La extrapolación a todos los mercados de Barcelona suma 13,54 toneladas semanales de excedentes de frutas y verduras, de los cuales 13,24 toneladas podrían ser destinados a elaborar un ingrediente harinoso para alimentación porcina. Teniendo en cuenta que el proceso de elaboración de la harina tiene un rendimiento del 13,6%, en una semana se podrían producir un total de 1,6 toneladas de harina de frutas y verduras. Con estos resultados, se concluye que los excedentes de frutas y verduras en los mercados son suficientemente elevados para implementar este sistema de valorización.</subfield>
   </datafield>
   <datafield ind2=" " ind1=" " tag="520">
      <subfield code="a">El treball aplica una metodologia japonesa sobre l'ús d'excedents alimentaris per alimentació animal als mercats municipals de Barcelona. S'han quantificat els volums de fruites i verdures que es llencen del mercat de Sant Antoni durant quatre dies (dimecres, dijous, divendres y dissabte), sumant un total de 439,8 kg malbaratats. Una posterior extrapolació, per calcular els volums de fruites i verdures malbaratades a tots els mercats de Barcelona suma 13,54 tones setmanals d’excedents, dels quals 13,24 tones podrien ser destinats a la elaboració d'un ingredient farinós per alimentació porcina. A més a més s’ha implementat un sistema de gestió i transport dels excedents de fruites i verdures. Per tant, tenint en compte que el procés d’ elaboració de la farina té un rendiment del 13,6%, s’estima que en una setmana es podrien elaborar un total de 1,6 tones de farina de fruites i verdures. Es conclou, que els excedents de fruites i verdures als mercats són suficientment elevats per implementar aquest sistema de valorització.</subfield>
   </datafield>
   <datafield ind2=" " ind1=" " tag="520">
      <subfield code="a">Objectius de Desenvolupament Sostenible::2 - Fam zero</subfield>
   </datafield>
   <datafield tag="653" ind2=" " ind1=" ">
      <subfield code="a">Àrees temàtiques de la UPC::Enginyeria agroalimentària</subfield>
   </datafield>
   <datafield tag="653" ind2=" " ind1=" ">
      <subfield code="a">Food waste</subfield>
   </datafield>
   <datafield tag="653" ind2=" " ind1=" ">
      <subfield code="a">Fruites i verdures</subfield>
   </datafield>
   <datafield tag="653" ind2=" " ind1=" ">
      <subfield code="a">Excedents de fruites i verdures</subfield>
   </datafield>
   <datafield tag="653" ind2=" " ind1=" ">
      <subfield code="a">Malbaratament alimentari</subfield>
   </datafield>
   <datafield tag="653" ind2=" " ind1=" ">
      <subfield code="a">Prevenció</subfield>
   </datafield>
   <datafield tag="653" ind2=" " ind1=" ">
      <subfield code="a">Valorització</subfield>
   </datafield>
   <datafield tag="653" ind2=" " ind1=" ">
      <subfield code="a">Alimentació animal</subfield>
   </datafield>
   <datafield tag="653" ind2=" " ind1=" ">
      <subfield code="a">Mercats municipals</subfield>
   </datafield>
   <datafield tag="653" ind2=" " ind1=" ">
      <subfield code="a">APPCC.</subfield>
   </datafield>
   <datafield tag="653" ind2=" " ind1=" ">
      <subfield code="a">Malbaratament d'aliments -- TFG</subfield>
   </datafield>
   <datafield ind2="0" ind1="0" tag="245">
      <subfield code="a">Uso de excedentes alimentarios en mercados municipales de Barcelona para alimentación porcina</subfield>
   </datafield>
</record></metadata></record></GetRecord></OAI-PMH>